000 03130nam a22003377a 4500
001 TIC 0046
003 gtcocun
005 20250922151027.0
006 a||||gr|||| 00| 0
007 ta
008 250922b2024 gt ||||| m||| 00| 0 eng d
040 _agtcocun
_bSPA
_cgtcocun
_eRDA
041 _aSPA TIC 0046
084 _0TIC 0046
100 _aChen Jerónimo, Jacqueline Lisbeth
_eAutor
245 _aDISEÑO DE CONCRETO ESTRUCTURAL LIVIANO UTILIZANDO ADITIVO INCLUSOR DE AIRE Y AGREGADOS DEL BANCO DE MATERIALES “LA ISLA” UBICADO EN EL MUNICIPIO DE SANTA CRUZ ALTA VERAPAZ PARA SU USO EN ELEMENTOS ESTRUCTURALES CON BAJA DENSIDAD./
_cJacqueline Lisbeth Chen Jerónimo.
_hImpreso
264 _aCobán, Alta Verapaz:
_bUniversidad de San Carlos de Guatemala, Centro Universitario del Norte, Ingeniería Civil
_c2024
300 _a99 p.:
_bIlustraciones, gráficas.
_c28 cm;
300 _cPDF
336 _2rdacontenido
_aTexto
_btxt
337 _2rdamedio
_aComputadora
_bn
338 _2rdasoporte
_aCódigo en línea
_bcr
502 _eTIC 0046
502 _aTesis de grado
_bIngeniería Civil,
_cUniversidad de San Carlos de Guatemala, Centro Universitario del Norte, Ingeniería Civil
_d2024
_oTIC 0046
520 1 4 _aEn la región de Alta Verapaz, existen bancos de materiales que satisfacen las necesidades de la construcción local; sin embargo, estos agregados carecen de ensayos que certifican su calidad, por lo tanto, para esta investigación se realizan ensayos granulométricos del banco de materiales "La Isla" ubicado en caserío Panahá, municipio de Santa Cruz Alta Verapaz, para analizar las características, realizar los diseños de mezclas adecuados y crear un concreto que cuente con resistencia y ligereza. Para el diseño de la mezcla, se siguieron las normas establecidas del ACI 211.2-98 y ACI 213-03, de dónde se establecen los parámetros adecuados para el concreto estructural liviano. De acuerdo con el módulo de finura de las partículas de los agregados se establece la cantidad de aire atrapado y la fluidez del concreto. Se utilizaron tres diseños con diferente porcentaje de aditivo incorporador de aire para conocer el porcentaje adecuado en el que el concreto sea manejable, para obtener un bajo peso sin perder resistencia. La elección de las proporciones de cada material depende de la capacidad de absorción y el peso volumétrico de los agregados. Se realizaron ajustes y variaciones en el diseño para encontrar la proporción adecuada que alcanzara la resistencia y baja densidad. Se aplican los requerimientos de las normas ACI, ASTM, NTG y AASHTO, para obtener una base sólida para producir concreto estructural liviano que alcanzara una resistencia de 4,000 psi.
650 _2LEMB
_aSanta Cruz Verapaz, Alta Verapaz.
_xIngeniería
_xAgregados
_xConcreto
_xResistencia
_xLigereza
_xEstructural
700 _aIng. Jorge Haroldo Dubón Xitumul
_eAsesor
856 _uhttps://drive.google.com/file/d/1ih8OoEWMEAVuPPPmrKckZ5Y1myDn8Eml/view
_yPDF
_zUn ejemplar en línea.
942 _2ddc
_cTES
_iTIC 0046
_kClasificación
_n0
_6TIC_0046_000000000000000
999 _c2027
_d2027